La suite de Fibonnaci - Statistiques

Statistiques générales
  • Ce quiz a été pris 80 fois
  • Le résultat moyen est 16 sur 21
Statistiques - réponses
n F(n) % Correct
1 1
100%
2 1
100%
3 2
100%
4 3
100%
5 5
99%
6 8
99%
7 13
96%
8 21
94%
9 34
93%
10 55
93%
0 0
91%
11 89
91%
12 144
85%
13 233
81%
14 377
75%
15 610
67%
16 987
57%
17 1597
43%
18 2584
27%
19 4181
16%
20 6765
10%
Aucun quiz correspondant
Distribution des résultats
% des personnes avec chaque résultat
Percentile par nombre de réponses
Votre historique - résultats
Vous n’avez pas pris ce quiz